000 00274nam a22001217a 4500
020 _a818269561-9
082 _a425
_bMAN/E
245 _aEVERYDAY USAGE OF COMMON PHRASES
260 _aDELHI
_bBLACK ROSE PUBLICATIONS
300 _a175
650 _aPHRASES
_zDELHI
942 _cBK
999 _c3787
_d3787